MLB All Stars - Statistics

General Stats
  • This quiz has been taken 9 times
    5 since last reset
  • The average score is 5 of 36
Answer Stats
Answer Team % Correct
Mike Piazza Mets
60%
Giancarlo Stanton Marlins/Yankees
40%
Pete Rose Reds
40%
Aaron Judge Yankees
20%
Babe Ruth Red Sox/Yankees
20%
Barry Bonds Giants/Pirates
20%
Cal Ripken Orioles
20%
Cy Young Red Sox,Braves,Guardians
20%
Darryl Strawberry Mets
20%
Ichiro Suzuki Mariners
20%
Johnny Bench Reds
20%
Juan Soto Yankees
20%
Mike Trout Angels
20%
Nolan Ryan Mets/Rangers/Astros/Angels
20%
Rickey Henderson Athletics/Red Sox/Dodgers/Mets/Yankees/Angels + More
20%
Roberto Clemente Pirates
20%
Roger Clemens Red Sox/Astros/Blue Jays
20%
Shohei Ohtani Dodgers
20%
Vladimir Guerrero Orioles,Rangers,Angels,Nationals
20%
Alex Rodriguez Yankees
0%
Chipper Jones Braves
0%
Clayton Kershaw Dodgers
0%
David Ortiz Red Sox
0%
Dustin Pedroia Red Sox
0%
Hank Aaron Braves
0%
Jackie Robinson Dodgers
0%
Ken Griffey Jr Mariners
0%
Lou Gehrig Yankees
0%
Mariano Rivera Yankees
0%
Mickey Mantle Yankees
0%
Paul Skenes Pirates
0%
Randy Johnson Diamondbacks
0%
Roy Halladay Blue Jays
0%
Sandy Koufax Dodgers
0%
Ty Cobb Athletics
0%
Willie Mays Mets
0%
No matching quizzes found
Score Distribution
Percent of People with Each Score
Percentile by Number Answered
Your Score History
You have not taken this quiz since the last reset